Statistiche per Nazione, Cantante e Canzone vincitrice di Eurovision dal 2000 al 2023

Clicka qui per fare il quiz!

Statistiche generali

  • Questo quiz è stato fatto 53 volte
  • Il punteggio medio è 33 su 69

Statistiche sulle risposte

QuesitoRisposta% Corretto
2021 NazioneItalia
93%
2021 CantanteMåneskin
91%
2023 NazioneSvezia
86%
2012 NazioneSvezia
86%
2015 NazioneSvezia
86%
2016 NazioneUcraina
84%
2022 NazioneUcraina
84%
2004 NazioneUcraina
84%
2021 CanzoneZitti e buoni
84%
2006 NazioneFinlandia
77%
2014 NazioneAustria
75%
2009 NazioneNorvegia
75%
2010 NazioneGermania
73%
2019 NazionePaesi Bassi
70%
2017 NazionePortogallo
70%
2008 NazioneRussia
70%
2022 CanzoneStefania
68%
2018 NazioneIsraele
66%
2023 CantanteLoreen
66%
2012 CantanteLoreen
66%
2023 CanzoneTattoo
66%
2005 NazioneGrecia
61%
2000 NazioneDanimarca
59%
2013 NazioneDanimarca
59%
2007 NazioneSerbia
59%
2019 CanzoneArcade
55%
2001 NazioneEstonia
55%
2003 NazioneTurchia
55%
2022 CantanteKalush Orchestra
52%
2002 NazioneLettonia
52%
2011 NazioneAzerbaigian
50%
2012 CanzoneEuphoria
50%
2009 CanzoneFairytale
50%
2018 CanzoneToy
50%
2018 CantanteNetta
48%
2014 CanzoneRise like a Phoenix
45%
2019 CantanteDuncan Laurence
43%
2015 CanzoneHeroes
43%
2010 CantanteLena
43%
2014 CantanteConchita Wurst
41%
2016 Canzone1944
39%
2016 CantanteJamala
36%
2013 CanzoneOnly Teardrops
36%
2010 CanzoneSatellite
36%
2009 CantanteAlexander Rybak
34%
2007 CanzoneMolitva
34%
2017 CanzoneAmar pelos dois
32%
2006 CantanteLordi
32%
2011 CanzoneRunning Scared
32%
2017 CantanteSalvador Sobral
32%
2004 CanzoneWild Dances
32%
2013 CantanteEmmelie de Forest
30%
2008 CantanteDima Bilan
27%
2011 CantanteEll & Nikki
27%
2006 CanzoneHard Rock Hallelujah
27%
2005 CanzoneMy Number One
27%
2008 CanzoneBelieve
25%
2004 CantanteRuslana
25%
2005 CantanteHelena Paparizou
23%
2015 CantanteMåns Zelmerlöw
23%
2007 CantanteMarija Šerifović
20%
2002 CanzoneI Wanna
18%
2001 CanzoneEverybody
16%
2003 CanzoneEveryway That I Can
16%
2000 CanzoneFly on the Wings of Love
14%
2002 CantanteMarie N
14%
2000 CantanteOlsen Brothers
11%
2001 CantanteTanel Pardar, Dave Benton & 2XL
11%
2003 CantanteSertab Erener
9%

Distribuzione punteggi

Percentile per numero di risposta

Percentuale di utenti per punteggio

I tuoi punteggi nel tempo

Non hai fatto questo quiz